Top 20 Programming Languages - Statistics

General Stats
  • This quiz has been taken 664 times
  • The average score is 12 of 20
Answer Stats
Hint Answer % Correct
2 C
99%
4 C++
99%
7 C#
99%
1 Java
99%
3 Python
96%
6 JavaScript
91%
15 R
88%
16 Ruby
72%
8 PHP
67%
9 SQL
58%
18 Go
56%
20 Swift
49%
13 Perl
42%
10 Objective-C
41%
17 Visual Basic
37%
12 MATLAB
31%
5 Visual Basic .NET
17%
11 Assembly Language
16%
14 Delphi/Object Pascal
11%
19 Groovy
9%
No matching quizzes found
Score Distribution
Percent of People with Each Score
Percentile by Number Answered
Your Score History
You have not taken this quiz